Name the Countries by Country Codes - Statistics

General Stats
  • This quiz has been taken 17 times
  • The average score is 12 of 20
Answer Stats
ccTLD Country % Correct
.ar Argentina
100%
.au Australia
100%
.at Austria
100%
.az Azerbaijan
100%
.by Belarus
100%
.be Belgium
100%
.bz Belize
100%
.bt Bhutan
100%
.br Brazil
100%
.co Colombia
100%
.cz Czechia
100%
.dk Denmark
100%
.dj Djibouti
100%
.cd D.R. Congo
100%
.fj Fiji
100%
.fi Finland
100%
.fr France
100%
.de Germany
100%
.gh Ghana
100%
.hu Hungary
100%
.is Iceland
100%
.iq Iraq
100%
.ie Ireland
100%
.it Italy
100%
.jm Jamaica
100%
.jp Japan
100%
.kz Kazakhstan
100%
.ki Kiribati
100%
.kw Kuwait
100%
.kg Kyrgyzstan
100%
.lb Lebanon
100%
.ly Libya
100%
.lt Lithuania
100%
.lu Luxembourg
100%
.mw Malawi
100%
.mt Malta
100%
.mu Mauritius
100%
.mx Mexico
100%
.ma Morocco
100%
.na Namibia
100%
.nl Netherlands
100%
.ni Nicaragua
100%
.ng Nigeria
100%
.no Norway
100%
.om Oman
100%
.pg Papua New Guinea
100%
.py Paraguay
100%
.pl Poland
100%
.pt Portugal
100%
.ro Romania
100%
.ru Russia
100%
.rw Rwanda
100%
.sn Senegal
100%
.sk Slovakia
100%
.si Slovenia
100%
.so Somalia
100%
.ch Switzerland
100%
.sy Syria
100%
.th Thailand
100%
.bs The Bahamas
100%
.tg Togo
100%
.to Tonga
100%
.tn Tunisia
100%
.tv Tuvalu
100%
.ug Uganda
100%
.ua Ukraine
100%
.uk United Kingdom
100%
.uy Uruguay
100%
.uz Uzbekistan
100%
.va Vatican City
100%
.ve Venezuela
100%
.vn Vietnam
100%
.ye Yemen
100%
.zm Zambia
100%
.ph Philippines
80%
.hr Croatia
75%
.qa Qatar
75%
.af Afghanistan
67%
.bo Bolivia
67%
.bg Bulgaria
67%
.cm Cameroon
67%
.er Eritrea
67%
.hn Honduras
67%
.jo Jordan
67%
.lv Latvia
67%
.pk Pakistan
67%
.pa Panama
67%
.sg Singapore
67%
.tw Taiwan
67%
.td Chad
60%
.al Algeria
50%
.am Armenia
50%
.bw Botswana
50%
.bn Brunei
50%
.dm Dominica
50%
.ec Ecuador
50%
.et Ethiopia
50%
.fm Federated States of Micronesia
50%
.gd Grenada
50%
.id Indonesia
50%
.il Israel
50%
.ke Kenya
50%
.ls Lesotho
50%
.md Moldova
50%
.mz Mozambique
50%
.mm Myanmar
50%
.pe Peru
50%
.cg Republic of the Congo
50%
.vc Saint Vincent and the Grenadines
50%
.sa Saudi Arabia
50%
.za South Africa
50%
.es Spain
50%
.tt Trinidad and Tobago
50%
.tm Turkmenistan
50%
.ae United Arab Emirates
50%
.us United States
50%
.zw Zimbabwe
50%
.bj Benin
40%
.sz Eswatini
40%
.bd Bangladesh
33%
.bb Barbados
33%
.bf Burkina Faso
33%
.mg Madagascar
33%
.ws Samoa
33%
.sl Sierra Leone
33%
.ss South Sudan
33%
.gq Equatorial Guinea
25%
.xk Kosovo
25%
.dz Algeria
0%
.ad Andorra
0%
.ao Angola
0%
.ag Antigua and Barbuda
0%
.bh Bahrain
0%
.ba Bosnia and Herzegovina
0%
.bi Burundi
0%
.cv Cabo Verde
0%
.kh Cambodia
0%
.ca Canada
0%
.cf Central African Republic
0%
.cn China
0%
.km Comoros
0%
.cr Costa Rica
0%
.ci Côte d'Ivoire
0%
.cu Cuba
0%
.cy Cyprus
0%
.do Dominican Republic
0%
.eg Egypt
0%
.sv El Salvador
0%
.ee Estonia
0%
.ga Gabon
0%
.ge Georgia
0%
.gr Greece
0%
.gt Guatemala
0%
.gn Guinea
0%
.gw Guinea-Bissau
0%
.gy Guyana
0%
.ht Haiti
0%
.in India
0%
.ir Iran
0%
.la Laos
0%
.lr Liberia
0%
.li Liechtenstein
0%
.my Malaysia
0%
.mv Maldives
0%
.ml Mali
0%
.mh Marshall Islands
0%
.mr Mauritania
0%
.mc Monaco
0%
.mn Mongolia
0%
.me Montenegro
0%
.nr Nauru
0%
.np Nepal
0%
.nz New Zealand
0%
.ne Niger
0%
.kp North Korea
0%
.mk North Macedonia
0%
.pw Palau
0%
.kn Saint Kitts and Nevis
0%
.lc Saint Lucia
0%
.sm San Marino
0%
.st São Tomé and Príncipe
0%
.rs Serbia
0%
.sc Seychelles
0%
.sb Solomon Islands
0%
.kr South Korea
0%
.lk Sri Lanka
0%
.sd Sudan
0%
.sr Suriname
0%
.se Sweden
0%
.th Tajikistan
0%
.tz Tanzania
0%
.gm The Gambia
0%
.tl Timor-Leste
0%
.tr Türkiye
0%
.vu Vanuatu
0%
No matching quizzes found
Score Distribution
Percent of People with Each Score
Percentile by Number Answered
Your Score History
You have not taken this quiz